000 00714nam a2200253Ia 4500
003 OSt
005 20220918223103.0
006 a|||||r|||| 00| 0
007 ta
008 220917b |||||||| |||| 00| 0 eng d
024 _a220,328
037 _cTextual
040 _aARTS
_cARTS
_beng
041 _2eng
_aeng
082 _aV491k, P3(FAL/RR)
100 _aClements Frank A.
_9144875
245 0 _aConflict in Afghanistan
_b A historical encyclopedia
260 _aCalifornia
_bABC Clio
_c2003
300 _axxxii,376p.
_ccm.
490 _aRoots of modern conflict
650 _aHISTORY
942 _hV491k, P3(FAL/RR)
_cTEXL
_2CC
999 _c277415
_d277415